Tlačené textilné vodivé elektródy na báze uhlíka

Gespeichert in:
Bibliographische Detailangaben
1. Verfasser: Dikošová, Barbora (Verfasst von)
Weitere Verfasser: Hatala, Michal (Betreuung Doktorarbeit)
Format: Manuskript Buch
Sprache:Slowakisch
Veröffentlicht: 2025
Schlagworte:
Online-Zugang:http://is.stuba.sk/zp/portal_zp.pl?podrobnosti=183375
Tags: Tag hinzufügen
Keine Tags, Fügen Sie das erste Tag hinzu!

MARC

LEADER 00000ntm a22000003a 4500
001 stuzp105165
003 SK-STU
005 20250607211227.0
007 ta
008 150427s2015----xo-----f-mn---000-0-slo-d
040 |a STU  |b slo 
041 0 |a slo 
100 1 |a Dikošová, Barbora  |u 049160  |4 aut  |U FCHPT Ústav prírodných a syntetických polymérov  |T FCHPT Oddelenie polygrafie a aplikovanej fotochémie  |X 110521  |U C9160  |Y 127  |7 110521 
242 0 1 |a Printed carbon based textile conductive electrodes  |y eng 
245 1 0 |a Tlačené textilné vodivé elektródy na báze uhlíka 
260 |c 2025 
650 4 |a ECG  |2 eng 
650 4 |a screen printing  |2 eng 
650 4 |a carbon  |2 eng 
650 4 |a conductive printing dispersions  |2 eng 
650 4 |a EKG  |2 slo 
650 4 |a sieťotlač  |2 slo 
650 4 |a vodivé tlačové disperzie  |2 slo 
650 4 |a uhlík  |2 slo 
700 1 |a Hatala, Michal  |u 049160  |k Z8  |4 ths  |U FCHPT Ústav prírodných a syntetických polymérov  |T FCHPT Oddelenie polygrafie a aplikovanej fotochémie  |X 77032  |U C9160  |Y 127  |7 A000077032 
856 4 |u http://is.stuba.sk/zp/portal_zp.pl?podrobnosti=183375